000 00328nam a2200157Ia 4500
100 _aSudha Murthy
650 _aGeneral
942 _cBK
366 _f20
654 _astories
245 _aThe Magic drum and other favourite stories
260 _bPenquin books
_c2006
300 _a145
546 _aENGLISH
999 _c18477
_d18477